Culture Générale - Série 51 - Statistiques

Statistiques générales
  • Ce quiz a été pris 1 361 fois
  • Le résultat moyen est 3 sur 10
Statistiques - réponses
Question Réponse % Correct
Qu'est-ce qu'une rainette (animal) ? Grenouille
94%
Qu'est-ce qu'une reinette ou rainette (fruit) ? Pomme
89%
Qu'est-ce qu'une soubrette ? Servante
42%
Qu'est-ce qu'un merlin (outil) ? Hache
35%
Qu'est-ce qu'un lori (oiseau) ? Perroquet
25%
Qu'est-ce qu'une mélopée ? Chant
9%
Qu'est-ce qu'un fesse-Mathieu ? Usurier
7%
Quel est le synonyme de Gabegie ? Gaspillage
6%
Qu'est-ce qu'un rat-de-cave ? Bougie
3%
Qu'est-ce que le jusant ? Marée descendante
2%
Aucun quiz correspondant
Distribution des résultats
% des personnes avec chaque résultat
Percentile par nombre de réponses
Votre historique - résultats
Vous n’avez pas pris ce quiz